Dies Irae (Record no. 22669)
[ view plain ]
| 000 -LEADER | |
|---|---|
| fixed length control field | 01078cam a2200313 a 4500 |
| 001 - CONTROL NUMBER | |
| control field | 22669 |
| 003 - CONTROL NUMBER IDENTIFIER | |
| control field | SK-KTurca |
| 005 - DATE AND TIME OF LATEST TRANSACTION | |
| control field | 20260415142429.0 |
| 008 - FIXED-LENGTH DATA ELEMENTS--GENERAL INFORMATION | |
| fixed length control field | 160129s1946 xo 0000p slo c |
| 035 ## - SYSTEM CONTROL NUMBER | |
| System control number | SNK000376437 |
| 040 ## - CATALOGING SOURCE | |
| Original cataloging agency | SNK |
| Language of cataloging | slo |
| Transcribing agency | SNK |
| Modifying agency | SVKBB |
| Description conventions | AACR2 |
| 041 0# - LANGUAGE CODE | |
| Language code of text/sound track or separate title | slo |
| 044 ## - COUNTRY OF PUBLISHING/PRODUCING ENTITY CODE | |
| MARC country code | xo |
| ISO country code | SK |
| 072 #7 - SUBJECT CATEGORY CODE | |
| Subject category code | 821.162.4-1 |
| Subject category code subdivision | Slovenská poézia |
| Source | konspekt |
| 080 ## - UNIVERSAL DECIMAL CLASSIFICATION NUMBER | |
| Universal Decimal Classification number | 821.162.4-1 |
| Edition identifier | 2011 |
| 080 ## - UNIVERSAL DECIMAL CLASSIFICATION NUMBER | |
| Universal Decimal Classification number | (082.21) |
| Edition identifier | 2011 |
| 100 1# - MAIN ENTRY--PERSONAL NAME | |
| Personal name | Lukáč, Emil Boleslav, |
| Dates associated with a name | 1900-1979 |
| Relationship | aut |
| 245 10 - TITLE STATEMENT | |
| Title | Dies Irae |
| Remainder of title | vybrané básne z čias svetovej spokalypsy |
| Statement of responsibility, etc. | Emil Boleslav Lukáč |
| 260 ## - PUBLICATION, DISTRIBUTION, ETC. | |
| Place of publication, distribution, etc. | Bratislava |
| Name of publisher, distributor, etc. | Novum |
| Date of publication, distribution, etc. | 1946 |
| 300 ## - PHYSICAL DESCRIPTION | |
| Extent | 167 s. |
| Dimensions | 24x17 cm |
| 500 ## - GENERAL NOTE | |
| General note | Usporiadané zo sväzkov Spev vlkov, Elixír, Moloch, Bábel a nových básní |
| 650 07 - SUBJECT ADDED ENTRY--TOPICAL TERM | |
| Topical term or geographic name entry element | slovenská poézia |
| Source of heading or term | SNKPH |
| 650 07 - SUBJECT ADDED ENTRY--TOPICAL TERM | |
| Topical term or geographic name entry element | Slovak poetry |
| Source of heading or term | SNKPHeng |
| 655 #7 - INDEX TERM--GENRE/FORM | |
| Genre/form data or focus term | výbery |
| Source of term | SNKPH |
| 655 #7 - INDEX TERM--GENRE/FORM | |
| Genre/form data or focus term | Selections |
| Source of term | SNKPHeng |
| 942 ## - ADDED ENTRY ELEMENTS (KOHA) | |
| Source of classification or shelving scheme | Dewey Decimal Classification |
| Koha item type | Krásna literatúra pre dospelých |
| Suppress in OPAC | No |
| Stav vyradenia | Strata | Poškodenie | Spôsob nadobudnutia | Domovská knižnica | Aktuálna knižnica | Dátum nadobudnutia | Total checkouts | Čiarový kód exemplára | Date last seen | Typ exemplára |
|---|---|---|---|---|---|---|---|---|---|---|
| Dar | Obecná knižnica Horná Štubňa | Obecná knižnica Horná Štubňa | 15.04.2026 | 4736202219 | 15.04.2026 | Krásna literatúra pre dospelých |
